[Event "1. Wittelsbacher Weihnachts-Schach-Open"]
[Site "Kelheim"]
[Date "2012.12.29"]
[Round "6.21"]
[White "Seidenschwarz, Holger"]
[Black "Beilschmidt, Eva"]
[Result "1-0"]
[WhiteElo "1989"]
[BlackElo "1716"]
[PlyCount "89"]
[EventDate "2012.??.??"]
[WhiteTeam "SC 1947 Beilngries"]
[BlackTeam "SK Kelheim 1920"]

1. e4 d5 2. exd5 Qxd5 3. Nc3 Qd6 4. Nf3 c6 5. g3 Nf6 6. Bg2 Bg4 7. O-O e6 8. d4
Be7 9. Bf4 Qd8 10. Re1 O-O 11. h3 Bh5 12. g4 Bg6 13. Ne5 Nbd7 14. Nxg6 hxg6 15.
Qe2 Nd5 16. Nxd5 cxd5 17. Bxd5 Qb6 18. c3 Bh4 19. Bg2 g5 20. Bh2 Rad8 21. a4 a5
22. Qb5 Qxb5 23. axb5 b6 24. Bc6 e5 25. Bxd7 Rxd7 26. Rxe5 f6 27. Re6 f5 28.
Bd6 Rff7 29. Bg3 fxg4 30. Bxh4 gxh4 31. hxg4 Rf4 32. Rxb6 Rxg4+ 33. Kh2 Rf7 34.
Kh3 Re4 35. Rf1 Rf3+ 36. Kg2 Ref4 37. Ra6 h3+ 38. Kh2 Rg4 39. b6 Rg2+ 40. Kh1
Rf6 41. b7 Rxa6 42. b8=Q+ Kh7 43. Qc8 Rh6 44. Qf5+ Kg8 45. Rg1 1-0

[Event "1. Wittelsbacher Weihnachts-Schach-Open"]
[Site "Kelheim"]
[Date "2012.12.29"]
[Round "6.22"]
[White "Kellner, Christian"]
[Black "Simon, Günther"]
[Result "0-1"]
[WhiteElo "1642"]
[BlackElo "1847"]
[PlyCount "70"]
[EventDate "2012.??.??"]
[WhiteTeam "SK Kelheim 1920"]
[BlackTeam "Regensb. Turnerschaft"]

1. c4 Nf6 2. Nc3 e5 3. g3 c6 4. Bg2 d5 5. cxd5 cxd5 6. d3 Bb4 7. Bd2 O-O 8. a3
Ba5 9. b4 Bb6 10. Nh3 Nc6 11. O-O Be6 12. Ng5 Bg4 13. Kh1 h6 14. Nh3 Qd7 15.
Ng1 Rad8 16. f3 Be6 17. Be1 Rfe8 18. Bf2 Bd4 19. Rc1 Rc8 20. e3 Bxc3 21. Rxc3
d4 22. Rc1 Nd5 23. e4 Nc3 24. Qd2 a5 25. bxa5 Nxa5 26. Qb2 Nb3 27. Rc2 Na4 28.
Qb1 Nc3 29. Qb2 Nc5 30. Rd2 b5 31. Rc1 Nb3 32. Rdc2 Nxc1 33. Rxc1 Na4 34. Qd2
Rxc1 35. Qxc1 Rc8 0-1

[Event "1. Wittelsbacher Weihnachts-Schach-Open"]
[Site "Kelheim"]
[Date "2012.12.29"]
[Round "6.23"]
[White "Grasser, Martin"]
[Black "Müller, Johannes"]
[Result "1-0"]
[WhiteElo "1916"]
[BlackElo "1534"]
[PlyCount "73"]
[EventDate "2012.??.??"]
[WhiteTeam "Regensb. Turnerschaft"]
[BlackTeam "SK Kelheim 1920"]

1. e4 e5 2. Nf3 Nc6 3. Bc4 Bc5 4. b4 Bxb4 5. c3 Be7 6. O-O Na5 7. Nxe5 Nxc4 8.
Nxc4 d5 9. exd5 Qxd5 10. Qe2 Be6 11. Ne3 Qd7 12. d4 Nf6 13. Ba3 O-O 14. Bxe7
Qxe7 15. Nd2 c5 16. Rfe1 cxd4 17. Nf5 Qd7 18. Nxd4 Rfe8 19. Qd3 Rac8 20. N2b3
Bc4 21. Qd2 h6 22. Rac1 b6 23. h3 Rxe1+ 24. Qxe1 Re8 25. Qd2 Ne4 26. Qf4 Qd6
27. Qg4 Qf6 28. Qf5 Qxf5 29. Nxf5 Be6 30. Nfd4 Bc4 31. f3 Nd6 32. Nd2 Bxa2 33.
Ra1 Bc4 34. Rxa7 Re1+ 35. Kf2 Rc1 36. Rd7 Ne8 37. Nxc4 1-0

[Event "1. Wittelsbacher Weihnachts-Schach-Open"]
[Site "Kelheim"]
[Date "2012.12.29"]
[Round "6.24"]
[White "Schawacht, Max"]
[Black "Swierzy, David"]
[Result "0-1"]
[WhiteElo "1816"]
[BlackElo "1391"]
[PlyCount "124"]
[EventDate "2012.??.??"]
[WhiteTeam "SV Erkenschwick 1923 e"]
[BlackTeam "SC Straubing"]

1. e4 Nf6 2. e5 Nd5 3. d4 d6 4. c4 Nb6 5. exd6 exd6 6. Be2 Nc6 7. Nf3 Bg4 8.
O-O Be7 9. b3 Bf6 10. Be3 O-O 11. Nc3 Re8 12. Re1 Ne7 13. Ne4 Nf5 14. Nxf6+
Qxf6 15. Bg5 Qg6 16. Qd2 h6 17. Be3 Re4 18. Kh1 Nxe3 19. fxe3 Qh5 20. Ng1 Bxe2
21. Rxe2 Rae8 22. Nf3 Nc8 23. Qd3 f5 24. Rae1 Nb6 25. c5 Nd5 26. cxd6 cxd6 27.
Nd2 Rxe3 28. Rxe3 Rxe3 29. Rxe3 Nxe3 30. Nf3 f4 31. Qe4 Qb5 32. h3 Qf1+ 33. Ng1
d5 34. Qg6 Qf2 35. a4 Qg3 36. Qxg3 fxg3 37. Ne2 Nc2 38. Kg1 Kf7 39. Nxg3 Nxd4
40. b4 Ke6 41. Kf2 g6 42. Nf1 Nc2 43. b5 d4 44. Ke2 Kd5 45. Nd2 Ne3 46. g3 Nc4
47. Nb3 Nb2 48. Na5 Nxa4 49. Nxb7 Nc3+ 50. Kd3 Nxb5 51. Na5 Kc5 52. g4 g5 53.
Nb3+ Kb4 54. Nxd4 Nxd4 55. Kxd4 a5 56. Ke5 a4 57. Kf6 a3 58. Kg6 a2 59. Kxh6
a1=Q 60. Kxg5 Qg7+ 61. Kf4 Qh6+ 62. Kg3 Qg5 0-1

[Event "1. Wittelsbacher Weihnachts-Schach-Open"]
[Site "Kelheim"]
[Date "2012.12.29"]
[Round "6.25"]
[White "Miethaner, Ulrich"]
[Black "Häusler, Florian"]
[Result "0-1"]
[WhiteElo "1720"]
[BlackElo "1514"]
[PlyCount "48"]
[EventDate "2012.??.??"]
[WhiteTeam "SC Bavaria Regensb.1881"]
[BlackTeam "TSV Kareth-Lappersdorf"]

1. e4 c5 2. b4 cxb4 3. a3 bxa3 4. Nxa3 Nc6 5. Nf3 d6 6. Bc4 e6 7. O-O Nf6 8.
Qe2 Be7 9. Bb2 O-O 10. Bb3 a6 11. d4 d5 12. e5 Nd7 13. c4 dxc4 14. Nxc4 Nb6 15.
Ne3 Nd5 16. Nd2 b5 17. f4 f6 18. f5 fxe5 19. dxe5 Nxe3 20. Qxe3 Bg5 21. Qg3
Qxd2 22. Rf3 Qxb2 23. Rd1 Nd4 24. Rfd3 Ne2+ 0-1

[Event "1. Wittelsbacher Weihnachts-Schach-Open"]
[Site "Kelheim"]
[Date "2012.12.29"]
[Round "6.26"]
[White "Bumes, Konrad"]
[Black "Eremenko, Dimitry"]
[Result "0-1"]
[WhiteElo "1872"]
[BlackElo "1382"]
[PlyCount "56"]
[EventDate "2012.??.??"]
[WhiteTeam "SC Haar 1931"]
[BlackTeam "MTV Ingolstadt"]

1. d4 Nf6 2. g3 d5 3. Bg2 c6 4. Nf3 Nbd7 5. O-O Qc7 6. Bf4 Qb6 7. Qc1 e6 8.
Nbd2 c5 9. c3 Bd6 10. Qc2 Bxf4 11. gxf4 Qc7 12. e3 b6 13. Rac1 Bb7 14. Ne5 Nf8
15. Ndf3 Ng6 16. Qa4+ Ke7 17. b4 Ne4 18. Rfd1 f6 19. Nd3 c4 20. Nde1 Nf8 21.
Qc2 h6 22. Nd2 f5 23. Ndf3 g5 24. Ne5 gxf4 25. exf4 Rg8 26. Kh1 Kd6 27. N1f3
Nh7 28. Nd2 Nxf2+ 0-1

[Event "1. Wittelsbacher Weihnachts-Schach-Open"]
[Site "Kelheim"]
[Date "2012.12.29"]
[Round "6.27"]
[White "Fischer, Wolfgang"]
[Black "Brack, Johannes"]
[Result "0-1"]
[WhiteElo "1474"]
[BlackElo "1865"]
[PlyCount "34"]
[EventDate "2012.??.??"]
[WhiteTeam "SF Tegernheim"]
[BlackTeam "Regensb. Turnerschaft"]

1. e4 c5 2. Nf3 d6 3. Bb5+ Bd7 4. Bxd7+ Nxd7 5. O-O Ngf6 6. Re1 g6 7. e5 dxe5
8. Nxe5 Bg7 9. Qf3 Qc7 10. Qe2 Nxe5 11. Qxe5 Qxe5 12. Rxe5 b6 13. d3 e6 14. Re1
Nd5 15. Nd2 Nb4 16. Rb1 Nxc2 17. Re4 Nb4 0-1

[Event "1. Wittelsbacher Weihnachts-Schach-Open"]
[Site "Kelheim"]
[Date "2012.12.29"]
[Round "6.28"]
[White "Schindler, Tobias"]
[Black "Klemp, Sören"]
[Result "1/2-1/2"]
[WhiteElo "1465"]
[BlackElo "1822"]
[PlyCount "95"]
[EventDate "2012.??.??"]
[WhiteTeam "SK Kelheim 1920"]
[BlackTeam "Regensb. Turnerschaft"]

1. c4 f5 2. g3 Nf6 3. Bg2 g6 4. Nc3 Bg7 5. e3 O-O 6. Nge2 e5 7. d3 Na6 8. O-O
d6 9. Rb1 c6 10. b4 Nc7 11. Ba3 a6 12. Qc2 Be6 13. Bc1 d5 14. d4 e4 15. cxd5
Ncxd5 16. a4 Qe7 17. Ba3 b5 18. Nxd5 cxd5 19. a5 Rac8 20. Qd2 Rc4 21. Rfc1 Rfc8
22. Rxc4 Rxc4 23. Rc1 Qc7 24. Bf1 g5 25. Rxc4 dxc4 26. Bh3 h5 27. Bb2 g4 28.
Bg2 Nh7 29. Kf1 Ng5 30. Ng1 Nf3 31. Nxf3 exf3 32. Bh1 Bd5 33. Ke1 Bf6 34. Bc3
h4 35. Kd1 Bg5 36. Qe1 Qh7 37. Kc1 hxg3 38. hxg3 Be4 39. Kb2 Qh2 40. Ka3 Bxe3
41. Qxe3 Qxh1 42. Qg5+ Kf7 43. Qd8 Qc1+ 44. Bb2 Qh6 45. Qd7+ Kg8 46. Qe8+ Qf8
47. Qg6+ Qg7 48. Qe8+ 1/2-1/2

[Event "1. Wittelsbacher Weihnachts-Schach-Open"]
[Site "Kelheim"]
[Date "2012.12.29"]
[Round "6.29"]
[White "Karl, Thomas"]
[Black "Gleis, Wolfgang"]
[Result "1/2-1/2"]
[WhiteElo "1424"]
[BlackElo "1663"]
[PlyCount "32"]
[EventDate "2012.??.??"]
[WhiteTeam "SK Kelheim 1920"]
[BlackTeam "SF Tegernheim"]

1. d4 Nf6 2. Bg5 d5 3. c4 c6 4. Nc3 Ne4 5. Nxe4 dxe4 6. Qd2 Na6 7. e3 f6 8. Bh4
e6 9. a3 Be7 10. Ne2 O-O 11. Qc2 f5 12. Bg3 Qa5+ 13. Nc3 Bb4 14. Qc1 Bxc3+ 15.
Qxc3 Qxc3+ 16. bxc3 Nb8 1/2-1/2

[Event "1. Wittelsbacher Weihnachts-Schach-Open"]
[Site "Kelheim"]
[Date "2012.12.29"]
[Round "6.30"]
[White "Zankl, Stephan"]
[Black "Tautz, Helmut"]
[Result "0-1"]
[WhiteElo "1596"]
[BlackElo "1499"]
[PlyCount "86"]
[EventDate "2012.??.??"]
[WhiteTeam "TSV Nittenau"]
[BlackTeam "SK Kelheim 1920"]

1. e4 g6 2. d4 d6 3. Bf4 Bg7 4. c3 Nf6 5. Nd2 O-O 6. Bd3 Nc6 7. Qc2 e5 8. dxe5
Nxe5 9. Bxe5 dxe5 10. Nc4 Nh5 11. g3 b5 12. Ne3 c6 13. O-O-O Qa5 14. b3 Be6 15.
Ne2 Qb6 16. c4 a5 17. c5 Qa7 18. Kd2 Nf6 19. Ke1 Rfd8 20. h4 h5 21. Kf1 Nd7 22.
Kg2 Nxc5 23. Rd2 Nxd3 24. Rxd3 Rxd3 25. Qxd3 a4 26. Rc1 Qb6 27. Qd6 Rd8 28. Qc5
Qxc5 29. Rxc5 axb3 30. axb3 Bxb3 31. Rxc6 Rb8 32. Nd5 b4 33. Rb6 Rxb6 34. Nxb6
Bc2 35. f3 b3 36. Na4 Bf8 37. Nec3 Ba3 38. Nb5 Bc1 39. Nac3 Bd3 40. Kf2 Bd2 41.
g4 hxg4 42. fxg4 b2 43. Kf3 Bxb5 0-1

[Event "1. Wittelsbacher Weihnachts-Schach-Open"]
[Site "Kelheim"]
[Date "2012.12.29"]
[Round "6.31"]
[White "Fischer, Agnes"]
[Black "Braun, Kristin"]
[Result "1/2-1/2"]
[WhiteElo "1369"]
[BlackElo "1836"]
[PlyCount "57"]
[EventDate "2012.??.??"]
[WhiteTeam "SF Tegernheim"]
[BlackTeam "SC Forchheim e.V."]

1. e4 d5 2. exd5 Nf6 3. Nc3 Nxd5 4. Qf3 Nxc3 5. Qxc3 Nc6 6. Bb5 Bd7 7. Nf3 e6
8. Bxc6 Bxc6 9. O-O Qd5 10. Qe5 O-O-O 11. Qxd5 Rxd5 12. Re1 Bd6 13. d3 Rh5 14.
g4 Rh3 15. Ne5 Bxe5 16. Rxe5 Bf3 17. g5 Rh4 18. b3 Rg4+ 19. Kf1 Bg2+ 20. Ke2
Rh4 21. Bb2 a6 22. Rc5 Rg8 23. Be5 Bc6 24. Bg3 Rh5 25. f4 h6 26. Re5 hxg5 27.
fxg5 Kd7 28. Rf1 Rf8 29. Rf4 1/2-1/2

[Event "1. Wittelsbacher Weihnachts-Schach-Open"]
[Site "Kelheim"]
[Date "2012.12.29"]
[Round "6.32"]
[White "Eichinger, Bernd"]
[Black "Gebhardt, Lukas"]
[Result "0-1"]
[WhiteElo "1315"]
[BlackElo "1443"]
[PlyCount "66"]
[EventDate "2012.??.??"]
[WhiteTeam "SK Schwandorf"]
[BlackTeam "SK Kelheim 1920"]

1. d4 Nf6 2. c4 g6 3. Nc3 d6 4. Bg5 Bg7 5. Nf3 O-O 6. e3 Nbd7 7. Bd3 b6 8. O-O
Bb7 9. Re1 Re8 10. Rc1 c5 11. d5 a6 12. b3 h6 13. Bh4 Ng4 14. h3 Nge5 15. Bb1
Nxf3+ 16. Qxf3 Nf8 17. Qd1 Qd7 18. f4 e6 19. e4 exd5 20. Nxd5 Bxd5 21. exd5
Rxe1+ 22. Qxe1 Re8 23. Qd2 Bd4+ 24. Bf2 Bxf2+ 25. Kxf2 Qe7 26. Kf1 Qf6 27. Re1
Rxe1+ 28. Kxe1 Kg7 29. g3 Nd7 30. Kd1 b5 31. Bd3 Qa1+ 32. Kc2 Qxa2+ 33. Kc3 b4#
0-1

[Event "1. Wittelsbacher Weihnachts-Schach-Open"]
[Site "Kelheim"]
[Date "2012.12.29"]
[Round "6.33"]
[White "Dietl, Harald"]
[Black "Brunner, Tobias"]
[Result "1/2-1/2"]
[WhiteElo "1805"]
[BlackElo "1297"]
[PlyCount "78"]
[EventDate "2012.??.??"]
[WhiteTeam "SK Abensberg"]
[BlackTeam "TSV Nittenau"]

1. e4 e5 2. Nf3 Nc6 3. d4 exd4 4. Nxd4 Bc5 5. Nb3 Bb6 6. Nc3 Nf6 7. Bf4 O-O 8.
Qd2 Re8 9. f3 d5 10. O-O-O dxe4 11. Qxd8 Rxd8 12. Rxd8+ Nxd8 13. fxe4 Ne6 14.
Bd2 Bd7 15. Bd3 Bc6 16. Re1 Rd8 17. g3 Nc5 18. Nxc5 Bxc5 19. Bf4 Bb6 20. a3 a6
21. h4 Nh5 22. Re2 h6 23. Nd5 Bxd5 24. exd5 Nxf4 25. gxf4 Kf8 26. c4 Re8 27.
Rxe8+ Kxe8 28. f5 Bf2 29. h5 Ke7 30. Kd2 Kf6 31. Be4 b6 32. b4 Ke5 33. Bd3 Bd4
34. Ke2 Kf4 35. a4 Kg5 36. Kf3 f6 37. Ke4 Bg1 38. Be2 Bf2 39. Bd1 Bg1 1/2-1/2

[Event "1. Wittelsbacher Weihnachts-Schach-Open"]
[Site "Kelheim"]
[Date "2012.12.29"]
[Round "6.34"]
[White "Barani, Christian"]
[Black "Karl, Markus"]
[Result "1-0"]
[WhiteElo "1150"]
[BlackElo "1436"]
[PlyCount "77"]
[EventDate "2012.??.??"]
[WhiteTeam "SC Bechhofen 1923 e.V."]
[BlackTeam "SK Kelheim 1920"]

1. e4 c5 2. Nf3 d6 3. Bb5+ Nc6 4. Bxc6+ bxc6 5. d3 g6 6. Be3 Bg7 7. c3 Nf6 8.
Nbd2 O-O 9. Qe2 Ng4 10. Bf4 e5 11. Bg5 Qc7 12. h3 Nf6 13. O-O Ba6 14. Nc4 Nd7
15. Be7 Rfe8 16. Bxd6 Qb7 17. b3 Bxc4 18. dxc4 Rad8 19. Rad1 Qb6 20. Qe3 Bf8
21. Bxf8 Kxf8 22. Rd2 Nf6 23. Rfd1 Rxd2 24. Rxd2 Kg7 25. Qd3 Qc7 26. Qd6 Qxd6
27. Rxd6 Nxe4 28. Rxc6 Re7 29. b4 f6 30. b5 Rd7 31. Kh2 Kf7 32. a4 Nxc3 33. a5
Nxb5 34. cxb5 Rb7 35. Rxc5 Ke8 36. a6 Rd7 37. Rc8+ Ke7 38. Rb8 Kd6 39. Rb7 1-0

[Event "1. Wittelsbacher Weihnachts-Schach-Open"]
[Site "Kelheim"]
[Date "2012.12.29"]
[Round "6.35"]
[White "Antczak, Lena"]
[Black "Reinfelder, Fabian"]
[Result "0-1"]
[WhiteElo "1289"]
[BlackElo "1433"]
[PlyCount "114"]
[EventDate "2012.??.??"]
[WhiteTeam "SK Kelheim 1920"]
[BlackTeam "SG Siemens Amberg"]

1. e4 c6 2. d4 d5 3. exd5 cxd5 4. c3 Nc6 5. Bd3 Qc7 6. Nf3 Bg4 7. O-O e6 8. Bg5
h6 9. Bh4 Bd6 10. Bg3 Nge7 11. Nbd2 O-O 12. Qc2 Bf5 13. Bxd6 Qxd6 14. Rfe1 Rac8
15. a3 Rc7 16. Bxf5 Nxf5 17. Nb3 Rfc8 18. Qe2 a6 19. Ne5 Nxe5 20. Qxe5 Qxe5 21.
Rxe5 b6 22. Re2 Nd6 23. a4 a5 24. Nd2 Nc4 25. Nf3 Rb8 26. b3 Nd6 27. Rc2 b5 28.
axb5 Rxb5 29. Ra3 Ne4 30. Ra1 Rxb3 31. Kf1 Rcb7 32. Rcc1 Kf8 33. Ke1 f6 34. Nd2
Nxd2 35. Kxd2 R3b5 36. f4 g5 37. Rf1 Rb2+ 38. Ke3 Kf7 39. fxg5 hxg5 40. Kf3 g4+
41. Kg3 R7b5 42. Rf2 Rxf2 43. Kxf2 f5 44. Ke3 Kf6 45. Kf4 Rb2 46. Kg3 Kg5 47.
h3 gxh3 48. gxh3 Rb3 49. h4+ Kf6 50. Kf4 Rxc3 51. Rxa5 Rh3 52. Ra8 Rxh4+ 53.
Ke3 Re4+ 54. Kd3 Kg5 55. Rg8+ Kf4 56. Rg1 Re3+ 57. Kd2 Ke4 0-1

[Event "1. Wittelsbacher Weihnachts-Schach-Open"]
[Site "Kelheim"]
[Date "2012.12.29"]
[Round "6.36"]
[White "Schwab, Leon"]
[Black "Burgard, Manfred"]
[Result "0-1"]
[WhiteElo "1014"]
[BlackElo "1354"]
[PlyCount "66"]
[EventDate "2012.??.??"]
[WhiteTeam "SK Kelheim 1920"]
[BlackTeam "SF Roding"]

1. d4 Nf6 2. c4 e6 3. Nc3 Bb4 4. a3 Bxc3+ 5. bxc3 d5 6. Nf3 O-O 7. Bg5 c5 8. e3
Qa5 9. Qd2 Ne4 10. Qb2 Qxc3+ 11. Qxc3 Nxc3 12. Rc1 Ne4 13. Bd3 Nxg5 14. Nxg5 h6
15. Nf3 cxd4 16. Nxd4 e5 17. Nb5 Na6 18. cxd5 b6 19. O-O Bb7 20. e4 Nc5 21. Bb1
Ba6 22. Nc7 Bxf1 23. Nxa8 Bd3 24. Bxd3 Nxd3 25. Rd1 Nxf2 26. Kxf2 Rxa8 27. d6
Rd8 28. Kg3 f6 29. Kg4 g6 30. h4 h5+ 31. Kf3 Kf7 32. g4 Ke6 33. gxh5 gxh5 0-1

[Event "1. Wittelsbacher Weihnachts-Schach-Open"]
[Site "Kelheim"]
[Date "2012.12.29"]
[Round "6.37"]
[White "Rösch, Maximilian"]
[Black "Obermeier, Johannes"]
[Result "1/2-1/2"]
[WhiteElo "1086"]
[BlackElo "1310"]
[PlyCount "68"]
[EventDate "2012.??.??"]
[WhiteTeam "SK Kelheim 1920"]
[BlackTeam "SK Kelheim 1920"]

1. e4 e5 2. Nf3 Nc6 3. Bb5 a6 4. Ba4 Nf6 5. O-O b5 6. Bb3 Bc5 7. Nxe5 Nxe5 8.
d4 Bxd4 9. Qxd4 d6 10. f4 Nc6 11. Qc3 Bb7 12. e5 Ne4 13. Qe3 Na5 14. Nd2 Nxb3
15. cxb3 Nxd2 16. Bxd2 O-O 17. Bc3 Qh4 18. Qf2 Qxf2+ 19. Rxf2 Rfe8 20. Re1 dxe5
21. Rxe5 Rxe5 22. Bxe5 c5 23. a4 Rd8 24. Bc7 Rd1+ 25. Rf1 Rxf1+ 26. Kxf1 Bd5
27. axb5 axb5 28. Bd6 Bxb3 29. Bxc5 f5 30. g3 g6 31. Ke2 Kf7 32. Ke3 Ke6 33.
Kd4 Bc4 34. b4 Bf1 1/2-1/2

[Event "1. Wittelsbacher Weihnachts-Schach-Open"]
[Site "Kelheim"]
[Date "2012.12.29"]
[Round "6.38"]
[White "Fritsch, Julian"]
[Black "Fernandez-Alvarez, Raul"]
[Result "1/2-1/2"]
[WhiteElo "1300"]
[BlackElo "1279"]
[PlyCount "71"]
[EventDate "2012.??.??"]
[WhiteTeam "SK Kelheim 1920"]
[BlackTeam "SG Schwabing München Nord e.V."]

1. d4 d5 2. g3 c5 3. c3 e6 4. Bg2 Nc6 5. Nf3 Nf6 6. O-O Bd6 7. Qc2 O-O 8. Bg5
cxd4 9. cxd4 h6 10. Bxf6 Qxf6 11. e3 Bd7 12. Nc3 Rac8 13. Qd2 Bb4 14. a3 Bxc3
15. Qxc3 Rfe8 16. Qd3 Qd8 17. Rac1 Qb6 18. b4 Ne7 19. Qb3 Bc6 20. Ne5 Rc7 21.
Nxc6 Nxc6 22. Rfd1 Na5 23. Qa4 Nc6 24. b5 Ne7 25. Rxc7 Qxc7 26. b6 Qc6 27. Qxc6
Nxc6 28. bxa7 Nxa7 29. Rb1 Rb8 30. e4 dxe4 31. Bxe4 b6 32. a4 b5 33. axb5 Rxb5
34. Ra1 f5 35. Bf3 Rb3 36. Bg2 1/2-1/2

[Event "1. Wittelsbacher Weihnachts-Schach-Open"]
[Site "Kelheim"]
[Date "2012.12.29"]
[Round "6.39"]
[White "Glück, Ulrich"]
[Black "Adlhoch, Walter"]
[Result "1-0"]
[WhiteElo "1748"]
[BlackElo "1271"]
[PlyCount "47"]
[EventDate "2012.??.??"]
[WhiteTeam "MSA Zugzwang 82 e.V."]
[BlackTeam "SK Schwandorf"]

1. d4 g6 2. c4 Nf6 3. Nc3 d5 4. cxd5 Nxd5 5. e4 Nxc3 6. bxc3 Bg7 7. Bc4 c5 8.
Ne2 Bg4 9. f3 Bd7 10. O-O O-O 11. Be3 b5 12. Bd3 c4 13. Bc2 e6 14. a4 a5 15.
axb5 Bxb5 16. Ba4 Qd7 17. Bxb5 Qxb5 18. Qa4 Qb3 19. Rfb1 Qxa4 20. Rxa4 Nc6 21.
Rxc4 Rfb8 22. Rxb8+ Nxb8 23. Rc8+ Bf8 24. Bh6 1-0

[Event "1. Wittelsbacher Weihnachts-Schach-Open"]
[Site "Kelheim"]
[Date "2012.12.29"]
[Round "6.40"]
[White "Mühlich, Cornelius"]
[Black "Böse, Christina"]
[Result "1-0"]
[WhiteElo "1073"]
[BlackElo "1202"]
[PlyCount "53"]
[EventDate "2012.??.??"]
[WhiteTeam "SK Kelheim 1920"]
[BlackTeam "SC Bechhofen 1923 e.V."]

1. c4 e5 2. g3 Nc6 3. Nc3 b6 4. Bg2 Bb7 5. Nf3 d6 6. O-O Nge7 7. d3 Qd7 8. Bd2
h6 9. Qc2 g5 10. Rfb1 f5 11. e3 Rg8 12. b4 h5 13. Kf1 f4 14. exf4 gxf4 15. Ne4
Qf5 16. c5 d5 17. Nc3 fxg3 18. hxg3 d4 19. Ne4 Ng6 20. Bg5 Be7 21. Bxe7 Ncxe7
22. Nfd2 Rf8 23. Nc4 O-O-O 24. cxb6 Kd7 25. Nc5+ Ke8 26. Nxb7 Rd7 27. bxa7 1-0

[Event "1. Wittelsbacher Weihnachts-Schach-Open"]
[Site "Kelheim"]
[Date "2012.12.29"]
[Round "6.41"]
[White "Thamm, Felix"]
[Black "Böse, Carolin"]
[Result "1-0"]
[WhiteElo "810"]
[BlackElo "1179"]
[PlyCount "53"]
[EventDate "2012.??.??"]
[WhiteTeam "SF Tegernheim"]
[BlackTeam "SC Bechhofen 1923 e.V."]

1. e4 e5 2. Nf3 Nf6 3. Nxe5 Nc6 4. Nxc6 dxc6 5. d3 Bc5 6. Be2 h5 7. h3 Qd4 8.
O-O Qe5 9. Nd2 Qg3 10. Nf3 Bxh3 11. Ne1 Ng4 12. Bxg4 hxg4 13. d4 Qd6 14. e5 Qd5
15. c4 Qd7 16. Nc2 O-O-O 17. Be3 Qf5 18. f3 g3 19. Qd2 Qh7 20. gxh3 Qxh3 21.
Qg2 Qh2+ 22. Qxh2 Rxh2 23. Rac1 Be7 24. Rfd1 Rdh8 25. Kf1 R8h5 26. Bg1 Rh1 27.
Ke2 1-0

[Event "1. Wittelsbacher Weihnachts-Schach-Open"]
[Site "Kelheim"]
[Date "2012.12.29"]
[Round "7.1"]
[White "Berchtenbreiter, Maximilian"]
[Black "Meskovs, Nikita"]
[Result "1/2-1/2"]
[WhiteElo "2360"]
[BlackElo "2314"]
[PlyCount "130"]
[EventDate "2012.??.??"]
[WhiteTeam "SGem Pang/Rosenheim"]

1. e4 c5 2. Nf3 e6 3. d4 cxd4 4. Nxd4 a6 5. Nc3 Qc7 6. Bd3 Nf6 7. Qe2 d6 8. O-O
Nbd7 9. a4 g6 10. Kh1 Bg7 11. f4 b6 12. Bd2 O-O 13. Rae1 Bb7 14. Nf3 Nc5 15.
Qf2 d5 16. e5 Nfe4 17. Bxe4 Nxe4 18. Nxe4 dxe4 19. Nd4 Qd7 20. b3 f6 21. exf6
Bxf6 22. Be3 e5 23. Ne2 Bg7 24. Qg3 exf4 25. Rxf4 Rxf4 26. Nxf4 b5 27. axb5
axb5 28. h4 Qf5 29. Ne2 Rf8 30. Bd4 Bh6 31. Be3 Bg7 32. Nd4 Qd5 33. Qg5 Qxg5
34. hxg5 Bxd4 35. Bxd4 Rd8 36. Be3 Rd7 37. Kg1 Rc7 38. Re2 Kf7 39. Kf2 Ke6 40.
Ke1 Rd7 41. Bc1 Bc6 42. Re3 Bb7 43. Rc3 Rd6 44. Rh3 Rd7 45. Bd2 Bd5 46. Kd1 Rf7
47. Be3 Rc7 48. Kd2 Rd7 49. Kc3 Rc7+ 50. Kb2 Ke5 51. Rh1 Kf5 52. Rd1 Bc6 53.
Rd8 Kg4 54. Rf8 Bd5 55. Rb8 Bc6 56. Rf8 Bd5 57. Rf6 Rc6 58. Rf2 Rc7 59. Rd2 Be6
60. Ka3 Rd7 61. Re2 Rd5 62. Kb4 Bd7 63. Bc5 Kxg5 64. Rxe4 Kf5 65. Re7 h5
1/2-1/2

[Event "1. Wittelsbacher Weihnachts-Schach-Open"]
[Site "Kelheim"]
[Date "2012.12.29"]
[Round "7.2"]
[White "Kantans, Toms"]
[Black "Maier, Alexander"]
[Result "1/2-1/2"]
[WhiteElo "2355"]
[BlackElo "2306"]
[PlyCount "120"]
[EventDate "2012.??.??"]
[BlackTeam "SK Ingolstadt"]

1. e4 e5 2. Nf3 Nc6 3. d4 exd4 4. Nxd4 Bb4+ 5. c3 Bc5 6. Be3 Bb6 7. Nf5 Bxe3 8.
Nxe3 Nf6 9. f3 O-O 10. Bd3 Qe7 11. Qe2 Rd8 12. Bc4 Na5 13. Kf2 c6 14. Rd1 Qe5
15. g3 Qh5 16. Kg1 Nxc4 17. Nxc4 d5 18. exd5 Re8 19. Qf2 Ne4 20. Qd4 Qxf3 21.
Nbd2 Nxd2 22. Rxd2 Re4 23. Qc5 Bh3 24. Rf2 Qh5 25. Nd6 Re5 26. c4 cxd5 27. Qc7
Be6 28. Qxb7 Rf8 29. Qxa7 dxc4 30. a4 Ra5 31. Qc7 Rxa4 32. Re1 Qa5 33. Qxa5
Rxa5 34. Rc1 Ra4 35. Rfc2 Rb4 36. Nxc4 Bxc4 37. Rxc4 Rxb2 38. R1c2 Rxc2 39.
Rxc2 h5 40. Kg2 g6 41. h4 Kg7 42. Kf3 Ra8 43. Rc3 Ra4 44. Rb3 Ra6 45. Rc3 Kf6
46. Rb3 Ra5 47. Rb6+ Kf5 48. Rb3 Ra1 49. Rb5+ Kf6 50. Rb6+ Kg7 51. Rb3 Rf1+ 52.
Kg2 Rf5 53. Ra3 g5 54. hxg5 Kg6 55. Rb3 Kxg5 56. Ra3 Rb5 57. Kf3 Rb1 58. Ra5+
f5 59. Ra8 Rb3+ 60. Kg2 Rb6 1/2-1/2

[Event "1. Wittelsbacher Weihnachts-Schach-Open"]
[Site "Kelheim"]
[Date "2012.12.29"]
[Round "7.3"]
[White "Fernandez-Garcia, Relman"]
[Black "Pezerovic, Edin"]
[Result "0-1"]
[WhiteElo "2067"]
[BlackElo "2442"]
[PlyCount "86"]
[EventDate "2012.??.??"]
[WhiteTeam "SG Schwabing München Nord e.V."]
[BlackTeam "Münchener SC 1836 e.V."]

1. e4 c6 2. d4 d5 3. e5 Bf5 4. Bd3 Bxd3 5. Qxd3 e6 6. Nf3 Nd7 7. O-O Ne7 8. Rd1
Nf5 9. Nbd2 Be7 10. Nf1 O-O 11. c3 c5 12. Be3 c4 13. Qe2 b5 14. g4 Nxe3 15.
Qxe3 b4 16. Ng3 h6 17. cxb4 Rb8 18. a3 a5 19. b3 cxb3 20. Qxb3 axb4 21. axb4
Rxb4 22. Qd3 Nb6 23. Rdb1 Rxb1+ 24. Rxb1 Qc7 25. Qa6 Rb8 26. Kg2 Nc4 27. Rxb8+
Qxb8 28. Qa4 Qb2 29. Qe8+ Bf8 30. Nf1 Qc2 31. h3 Nb2 32. Qb5 Nd3 33. N1d2 Bb4
34. Qe8+ Kh7 35. Qxf7 Bxd2 36. g5 Nf4+ 37. Kg3 Ne2+ 38. Kg2 Bc1 39. Nh4 Bxg5
40. Nf3 Qg6 41. Qa7 Nf4+ 42. Kh2 Qh5 43. Nxg5+ Qxg5 0-1

[Event "1. Wittelsbacher Weihnachts-Schach-Open"]
[Site "Kelheim"]
[Date "2012.12.29"]
[Round "7.4"]
[White "Weigert, Wilhelm"]
[Black "Promyshlyanskyy, Vitaliy"]
[Result "0-1"]
[WhiteElo "2024"]
[BlackElo "2237"]
[PlyCount "46"]
[EventDate "2012.??.??"]
[WhiteTeam "SK Kelheim 1920"]
[BlackTeam "SC Noris-Tarrasch Nürnberg 1873"]

1. c4 Nf6 2. Nc3 g6 3. g3 Bg7 4. Bg2 d6 5. Nf3 O-O 6. O-O e5 7. Rb1 a5 8. a3
Re8 9. d3 h6 10. b4 axb4 11. axb4 e4 12. Nxe4 Nxe4 13. dxe4 Rxe4 14. Nd2 Re8
15. Bb2 Bxb2 16. Rxb2 Qf6 17. Rb1 Nc6 18. e3 Bf5 19. Ra1 Bd3 20. Re1 Qb2 21.
Rxa8 Rxa8 22. Qc1 Qxb4 23. Be4 Ne5 0-1

[Event "1. Wittelsbacher Weihnachts-Schach-Open"]
[Site "Kelheim"]
[Date "2012.12.29"]
[Round "7.5"]
[White "Gießmann, Stephan"]
[Black "Seifert, Werner"]
[Result "1-0"]
[WhiteElo "2245"]
[BlackElo "2000"]
[PlyCount "57"]
[EventDate "2012.??.??"]
[WhiteTeam "SK Kelheim 1920"]
[BlackTeam "SAbt SV Weiss-BL.Allianz"]

1. d4 Nf6 2. Nf3 g6 3. Bf4 Bg7 4. c3 O-O 5. h3 d6 6. e3 c5 7. Nbd2 cxd4 8. exd4
Nc6 9. Be2 Be6 10. O-O Qb6 11. Nb3 Rac8 12. c4 d5 13. c5 Qd8 14. Bd3 Ne4 15.
Re1 f5 16. Bb5 Bd7 17. Bxc6 Bxc6 18. Ng5 Bd7 19. Qd3 e6 20. Nf3 g5 21. Be5 Rf7
22. Bxg7 Rxg7 23. Ne5 g4 24. Nd2 Qh4 25. Nxe4 dxe4 26. Qb3 gxh3 27. g3 Qe7 28.
Qxb7 a5 29. c6 1-0